Statistiques concernant Culture Générale - Série 1010

Cliquez ici pour prendre le quiz!

Statistiques générales

  • Ce quiz a été pris 59 fois
  • Le résultat moyen est 7 sur 10

Statistiques - réponses

QuestionRéponse% Correct
Quelle est la traduction française du mot anglais "beach", que l'on trouve dans "beach-volley" ou "beach boys" ?plage
100%
Dans la pêche, il y a un noyau, et dans la poire, il y a des...pépins
98%
Quel nom, venant du latin "amuletum", désigne un petit objet porte-bonheur ?amulette
96%
Quel poisson plat et ovale, homonyme d'une des notes de la gamme, peut se déguster "meunière" ou découpé en filets ?sole
95%
Selon l'expression, lorsqu'on ne veut pas trahir un secret, quel petit cordon à enflammer ne doit-on pas vendre ?la mèche
89%
En 1980, quel chanteur interprète "Pour le plaisir" ?Herbert Léonard
59%
Quel adjectif qualifie les glandes qui sécrètent la sueur ?sudoripares
59%
Dans quelle ville du Tennessee peut-on visiter Graceland, la résidence du King Elvis Presley ?Memphis
50%
Quel écrivain français est l'auteur de “La Confession d'un enfant du siècle” en 1836, dans laquelle il transpose ses amours avec George Sand ?Alfred de Musset
39%
Quel vêtement sacerdotal, en forme de manteau à deux pans, le prêtre revêt-il par dessus l'aube et l'étole, pour célébrer la messe ?chasuble
20%

Distribution des résultats

Percentile par nombre de réponses

% des personnes avec chaque résultat

Votre développement - résultats

Vous n’avez pas pris ce quiz